20 biggest Islands - Sudden Death - Statistics

General Stats
  • This quiz has been taken 121 times
  • The average score is 6 of 20
Answers on the Grid
Answers color-coded by a green-red scale on the quiz's grid according to % correct below.
Axel Heiberg Island
Baffin Island
Banks Island
Borneo
Cuba
Devon Island
Ellesmere Island
Great Britain
Greenland
Hainan
Hispaniola
Hokkaido
Honshu
Iceland
Ireland
Isla Grande de Tierra del Fuego
Java
Kyushu
Luzon
Madagascar
Marajó
Melville Island
Mindanao
New Britain
New Guinea
Newfoundland
North Island (New Zealand)
Prince of Wales Island
Sakhalin
Severny Island
South Island (New Zealand)
Southampton Island
Spitsbergen
Sri Lanka
Sulawesi
Sumatra
Taiwan
Tasmania
Victoria Island
Yuzhny Island
 
Answer Stats
Answer % Correct
Greenland
66%
Borneo
52%
Madagascar
50%
Baffin Island
45%
Great Britain
44%
Iceland
40%
New Guinea
39%
Cuba
31%
Ireland
29%
South Island (New Zealand)
29%
Honshu
27%
Sumatra
27%
Java
24%
Newfoundland
23%
North Island (New Zealand)
21%
Ellesmere Island
13%
Victoria Island
13%
Luzon
8%
Sulawesi
6%
Mindanao
5%
No matching quizzes found
Score Distribution
Percent of People with Each Score
Percentile by Number Answered
Your Score History
You have not taken this quiz